[Event "ROM-ch U14"]
[Site "Calimanesti"]
[Date "2014.04.07"]
[Round "2"]
[White "Hriscu, Alexandru Gabriel"]
[Black "Jancso, Balint"]
[Result "1-0"]
[WhiteElo "1581"]
[BlackElo "1303"]
[PlyCount "69"]
[EventDate "2014.04.06"]
[EventType "swiss"]
[EventRounds "9"]
[EventCountry "ROU"]
[SourceTitle "CBM 160 Extra"]
[Source "ChessBase"]
[SourceDate "2014.07.01"]
[SourceVersion "1"]
[SourceVersionDate "2014.07.01"]
[SourceQuality "1"]

1. d4 Nf6 2. c4 g6 3. Nf3 Bg7 4. g3 0-0 5. Bg2 d5 6. 0-0 Nc6 7. Ne5 e6 8. Nxc6 bxc6 9. c5 Ba6 10. Re1 Nd7 11. f4 Qf6 12. e3 Qe7 13. Nc3 Nf6 14. Qa4 Bb7 15. b4 Rfe8 16. h3 Nh5 17. g4 Nf6 18. Bb2 h5 19. Bf3 hxg4 20. hxg4 Qd7 21. g5 Nh5 22. Bxh5 gxh5 23. Qd1 e5 24. dxe5 Qh3 25. Qe2 Bxe5 26. Qg2 Qxg2+ 27. Kxg2 Bxc3 28. Bxc3 Bc8 29. Be5 Re7 30. Rab1 Bf5 31. Rb3 a5 32. bxa5 Rxa5 33. Rb8+ Kh7 34. Rh8+ Kg6 35. Rh6# 1-0

[Event "ROM-ch U12"]
[Site "Calimanesti"]
[Date "2013.04.03"]
[Round "2"]
[White "Jancso, Balint"]
[Black "Dumitru, Matei Ioan"]
[Result "0-1"]
[WhiteElo "1373"]
[BlackElo "1589"]
[PlyCount "102"]
[EventDate "2013.04.02"]
[EventType "swiss"]
[EventRounds "9"]
[EventCountry "ROU"]
[SourceTitle "CBM 153 Extra"]
[Source "ChessBase"]
[SourceDate "2013.04.22"]
[SourceVersion "1"]
[SourceVersionDate "2013.04.22"]
[SourceQuality "1"]

1. e4 e5 2. Nf3 Nc6 3. Bb5 d6 4. h3 Bd7 5. 0-0 g6 6. Nc3 Bg7 7. Re1 Nf6 8. d4 exd4 9. Nxd4 0-0 10. Nxc6 bxc6 11. Ba4 Re8 12. Bg5 h6 13. Bh4 Qb8 14. Rb1 Qb4 15. a3 Qc5 16. Qf3 g5 17. Bg3 g4 18. hxg4 Bxg4 19. Qe3 Qxe3 20. Rxe3 Bd7 21. Rbe1 Ng4 22. Rf3 Ne5 23. Bxe5 Bxe5 24. Nd5 cxd5 25. Bxd7 Re7 26. Bc6 Rb8 27. b3 dxe4 28. Rfe3 f5 29. Bd5+ Kh7 30. Kh1 Bd4 31. R3e2 Rb6 32. b4 c6 33. Bb3 d5 34. c4 Bc3 35. Rc1 d4 36. Rec2 a5 37. c5 Rb8 38. Ba4 axb4 39. axb4 Rc7 40. Kh2 Rxb4 41. Ra2 Ra7 42. Bb3 Rxa2 43. Bxa2 Rb2 44. Be6 Kg6 45. Kg3 Kg5 46. f4+ Kg6 47. Bc4 Rb4 48. Ba6 Rb3 49. Kh4 Bd2 50. Rd1 Bxf4 51. g4 Bg5# 0-1